000 00944nac a22002411u 4500
010 _a 97052682
020 _a0765602644
082 0 0 _a338.947009048
_bDES
090 _c9575
_d9575
100 _a20080729
245 0 4 _aThe destruction of the Soviet economic system :
_ban insiders' history /
_cedited by Michael Ellman and Vladimir Kontorovich.
260 _aArmonk, N.Y. :
_bM.E. Sharpe,1998
_c1998.
300 _axxiv, 326 p. ;
_c24 cm.
500 _adistributer: Al-Ahram
504 _aIncludes bibliographical references (p. 312-321) and index.
511 _acatalogued by: wessam
650 0 _aPerestroika.
651 0 _aSoviet Union
_xEconomic policy
_y1986-1991.
700 1 _aEllman, Michael.
700 1 _aKontorovich, Vladimir.
942 _cBB
_k338.947009048DES
999 _c9575
_d9575